| 000 | 00777nam a22002537a 4500 | ||
|---|---|---|---|
| 008 | 130915b xxu||||| |||| 00| 0 eng d | ||
| 020 | _a0-419-14540-0 | ||
| 024 | _cAvailalge | ||
| 037 | _cAvailable | ||
| 040 |
_aMBSTU LIBRARY _dMBSTU LIBRARY |
||
| 082 |
_222 _a624.187341 DER |
||
| 100 | _aReynolds, Charles E. | ||
| 245 | _aReinforced concrete designer's handbook. | ||
| 250 | _a10th | ||
| 260 |
_aLondon. _bE & FN Spon. _c1999 |
||
| 300 |
_a29 cm. _b436 page _f1 _g29 cm. |
||
| 600 | _2Reinforced concrete constructions. | ||
| 650 | _2Reinforced concrete constructions. | ||
| 700 | _aReynolds, Charles E. | ||
| 270 |
_aLondon _bLondon _dUK. |
||
| 365 |
_b900.00 _d900.00 |
||
| 942 |
_2ddc _cBK |
||
| 999 |
_c678 _d678 |
||